<?xml version="1.0" encoding="UTF-8"?>
<record
    xmlns:xsi="http://www.w3.org/2001/XMLSchema-instance"
    xsi:schemaLocation="http://www.loc.gov/MARC21/slim http://www.loc.gov/standards/marcxml/schema/MARC21slim.xsd"
    xmlns="http://www.loc.gov/MARC21/slim">

  <leader>00696    a2200181   4500</leader>
  <datafield tag="020" ind1=" " ind2=" ">
    <subfield code="a">8120731441</subfield>
    <subfield code="c">200.00</subfield>
  </datafield>
  <datafield tag="035" ind1=" " ind2=" ">
    <subfield code="a">B-210712</subfield>
  </datafield>
  <datafield tag="037" ind1=" " ind2=" ">
    <subfield code="b">RP-ZLS-2727 / UBH-07-08:4 / RP-07-08:ENG</subfield>
  </datafield>
  <datafield tag="082" ind1="1" ind2="4">
    <subfield code="a">485</subfield>
  </datafield>
  <datafield tag="090" ind1=" " ind2=" ">
    <subfield code="c">1964</subfield>
    <subfield code="d">1964</subfield>
  </datafield>
  <datafield tag="100" ind1="1" ind2=" ">
    <subfield code="a">Kenny, Cedric M.</subfield>
  </datafield>
  <datafield tag="245" ind1="1" ind2=" ">
    <subfield code="a">The power of spoken english</subfield>
    <subfield code="c">by Cedric M. Kenny</subfield>
  </datafield>
  <datafield tag="260" ind1=" " ind2=" ">
    <subfield code="a">New Delhi</subfield>
    <subfield code="b">Sterling Paperbacks</subfield>
    <subfield code="c">2006</subfield>
  </datafield>
  <datafield tag="270" ind1=" " ind2=" ">
    <subfield code="a">A-59, Okhla Industrial Area , Ph-II,</subfield>
    <subfield code="b">New Delhi</subfield>
    <subfield code="c">Delhi</subfield>
    <subfield code="e">110020</subfield>
    <subfield code="k">26387070</subfield>
    <subfield code="l">26383788</subfield>
    <subfield code="m">sterlingpublishers@airtelbroadband.in</subfield>
  </datafield>
  <datafield tag="300" ind1=" " ind2=" ">
    <subfield code="a">xii, 131 p</subfield>
    <subfield code="b">ill</subfield>
    <subfield code="c">22 cm (pbk)</subfield>
    <subfield code="e">CD-ROM 2</subfield>
  </datafield>
  <datafield tag="942" ind1=" " ind2=" ">
    <subfield code="a">dpl</subfield>
    <subfield code="c">EN</subfield>
    <subfield code="k">485 / KEN</subfield>
  </datafield>
  <datafield tag="999" ind1=" " ind2=" ">
    <subfield code="c">1932</subfield>
    <subfield code="d">1932</subfield>
  </datafield>
  <datafield tag="952" ind1=" " ind2=" ">
    <subfield code="0">0</subfield>
    <subfield code="1">0</subfield>
    <subfield code="2">ddc</subfield>
    <subfield code="4">0</subfield>
    <subfield code="7">-1</subfield>
    <subfield code="8">NFIC</subfield>
    <subfield code="a">ZLS</subfield>
    <subfield code="b">ZLS</subfield>
    <subfield code="g">200.00</subfield>
    <subfield code="l">0</subfield>
    <subfield code="o">485</subfield>
    <subfield code="p">B-210712</subfield>
    <subfield code="r">2008-09-15 00:00:00</subfield>
    <subfield code="t">1</subfield>
    <subfield code="u">2042</subfield>
    <subfield code="v">200.00</subfield>
    <subfield code="w">2008-09-15</subfield>
    <subfield code="y">EN</subfield>
  </datafield>
</record>
